| 000 | 06614namaa22004331i 4500 | ||
|---|---|---|---|
| 003 | OSt | ||
| 005 | 20260421143632.0 | ||
| 008 | 250827s2025 ua a|||frm||| 000 0 eng d | ||
| 040 |
_aEG-GICUC _bara _cEG-GICUC _dEG-GICUC _erda |
||
| 041 | 0 |
_aara _bara _beng |
|
| 049 | _aإيداع | ||
| 082 | 0 | 4 | _a382.6 |
| 092 |
_a382.6 _221 |
||
| 097 | _aدكتوراه | ||
| 099 | _aCai01.16.04.Ph.D.2025.خا.أ | ||
| 100 | 0 |
_a،خالد محمد محمود أحمد ابو ليلة _eإعداد. |
|
| 245 | 1 | 0 |
_aأثر تغير سعر الصرف على أداء التجارة الخارجية في كينيا منذ عام 2002 / _cإعداد خالد محمد محمود أحمد ابو ليلة؛ إشراف أ.د/ هيام على زين الدين الببلاوي، د/ ندى ناجى طه على. |
| 246 | 1 | 5 | _aThe impact of exchange rate changes on foreign trade performance in kenya since 2002 / |
| 264 | 0 | _c2025. | |
| 300 |
_a189 صفحة : _bإيضاحيات ؛ _c25 سم. + _eCD. |
||
| 336 |
_atext _2rda content |
||
| 337 |
_aUnmediated _2rdamedia |
||
| 338 |
_avolume _2rdacarrier |
||
| 502 | _aأطروحة (دكتوراه)-جامعة القاهرة، 2025. | ||
| 504 | _aببليوجرافيا: صفحات 159-170. | ||
| 520 | _a يتمثل الهدف الرئيسي للدراسة تناول قياس أثر تغير سعر الصرف على التجارة الخارجية (صادرات السلع والخدمات – واردات السلع والخدمات) فى كينيا خلال الفترة ( 2002-2020)، ومن أهم الأهداف الفرعية تحليل أداء التجارة الخارجية (صادرات السلع والخدمات - واردات السلع والخدمات) فى كينيا منذ عام 2002. اعتمدت منهجية الدراسة على أدوات التحليل القياسي واستخدمت نموذج الانحدار الذاتي للفجوات الزمنية الموزعة (ARDL: Autoregressive Distributed Lags) لاختبار الفرض الاول: أن لتغيرات سعر الصرف أثر معنوي على صادرات كينيا من السلع والخدمات خلال الفترة (2002-2020). واستخدمت الدراسة طريقة المربعات الصغرى(OLS: Ordinary Least Squares) لاختبار الفرض الثانى: أن لتغيرات سعر الصرف أثر معنوي على واردات كينيا من السلع والخدمات خلال الفترة (2002-2020).توصلت الدراسة إلى أهم النتائج وهى صحة فروض الدراسة حيث يؤثر سعر الصرف على صادرات كينيا وواردتها، ويؤدى انخفاض سعر الصرف بنسبة 10% إلى زيادة الصادرات بنسبة 20.26% (تأثير عكسي)، كما يؤدى انخفاض سعر الصرف بنسبة 10% إلى زيادة في الواردات بنسبة 7.76% (تأثير عكسي)، ويدل ذلك على أن تأثير سعر الصرف عكسي على كل من الصادرات والواردات ولكن الأثر على الصادرات أقوى من الأثر على الواردات .توصى الدراسة بضرورة استمرار الاقتصاد الكينى في اتباع سياسة سعر الصرف المرن والاستفادة من تأثير انخفاض سعر الصرف على نمو الصادرات حيث يؤدى انخفاض سعر الصرف 10% إلى زيادة الصادرات 20.26%، ويتطلب ذلك تكامل سياسة سعر الصرف المرن مع السياسات الاقتصادية بهدف تحقيق طفرة فى قيمة الصادرات تغطى قيمة الواردات؛ مما يسهم فى انخفاض عجز الميزان التجاري فى كينيا. | ||
| 520 | _aThe main objective of the study is to measure the impact of exchange rate changes on foreign trade (exports of goods and services - imports of goods and services) in Kenya during the period (2002-2020 ). One of the most important sub-objectives is to analyze the performance of foreign trade (exports of goods and services - imports of goods and services) in Kenya since 2002.The study methodology relied on standard analysis tools and used the Autoregressive Distributed Lags (ARDL) model to test the first hypothesis: that exchange rate changes have a significant impact on Kenya's exports of goods and services during the period (2002-2020(.The study used the Ordinary Least Squares (OLS) method to test the second hypothesis: that exchange rate changes have a significant impact on Kenya's imports of goods and services during the period (2002-2020). The study reached the most important results, which is the validity of the study's hypotheses, as the exchange rate affects Kenya's exports and imports. A 10% decline in the exchange rate increases exports by 20.26% (negative impact), and a 10% decline in the exchange rate increases imports by 7.76% (negative impact). This indicates that the exchange rate has a negative impact on both exports and imports, but the impact on exports is stronger than the impact on imports. The study recommends that the Kenyan economy continue to adopt a flexible exchange rate policy and capitalize on the impact of a low exchange rate on export growth. A 10% decline in the exchange rate increases exports by 20.26%. This requires integrating a flexible exchange rate policy with economic policies to achieve a boom in the value of exports that covers the value of imports, contributing to reducing Kenya's trade deficit. | ||
| 530 | _aصدر أيضًا كقرص مدمج. | ||
| 546 | _aالنص بالعربية والملخص باللغة الإنجليزية والعربية. | ||
| 650 | 7 |
_aالتجارة الخارجية _2qrmak |
|
| 650 | 7 | _aالسياسة التجارية | |
| 653 | 0 |
_aسعر الصرف _aالتجارة الخارجية فى كينيا _aصادرات كينيا من السلع والخدمات |
|
| 700 | 0 |
_aهيام على زين الدين الببلاوي _eمشرف أطروحة. |
|
| 700 | 0 |
_aندى ناجى طه على _eمشرف أطروحة. |
|
| 900 |
_b15-02-2025 _cهيام على زين الدين الببلاوي _cندى ناجى طه على _dصلاح الدين فهمي محمود _dسماح سيد أحمد المرسى _Uجامعة القاهرة _Fكلية الدراســات الأفريقيـة العليـا _Dقسم السياسة والاقتصاد |
||
| 905 |
_aSara _eAfaf |
||
| 942 |
_2ddc _cTH _e21 _n0 |
||
| 999 | _c179194 | ||